00467nam a2200181 a 4500001001300000003000900013005001700022008004100039020002300080082001700103100001700120245003600137260003200173300000800205500003500213505002000248700001700268nice12345678IN_TiNIC20260116013707.0050524s1977 lona grp 000 0 eng  a0900860 c51000a297.4bSHA29 aShah, Idries aNeglected Aspects of Sufi Study aLondonbOctagon Pressc1977 a71p aincludes index and biblioraphy2 aGlossary, Index1 aShah, Idries